000 00381nam a2200157Ia 4500
003 OSt
005 20230529105502.0
008 211028s2015 xx 000 0 und d
040 _cAIMIT LIBRARY
041 _aeng
100 _aGayathri; Ruban, S.
_98568
_e131907
110 _aRuban S
_98569
245 _aEMI management system.
260 _aMangalore
_c2015
942 _2ddc
_cPRO
999 _c219953
_d219953